01265cam a22003011a 4500001001300000003000400013005001700017008004100034010001700075035002000092040001800112041001100130042001200141050001600153100003200169245007500201250002200276260006700298300003400365500024300399500006900642504004100711650003200752700006800784700005500852700003900907999001700946sa 68008073 DLC20260227112528.0880713s1967 ii c b 000 0 sano  asa 68008073  a(OCoLC)18211027 aDLCcWaUdDLC0 asanhin apremarc00aPK541b.D851 aDvivedi, Kapiladeva,d1919-10aSaṃskṛta-vyākaraṇa /cLekhaka Kapiladeva Dvivedī ācārya. a1. saṃskaraṇa aVārāṇaśī :bViśvavidyālaya Prakāśana,c1967. a44, 447 p. :bport. ;c23 cm. aBased on and including Varadarāja's Laghusiddhāntakaumudī, and a portion of Bhaṭṭojī-Dikṣita's Siddhāntakaumudī. The former work is based on the latter, which is in turn a commentary on Pāṇini's Aṣṭādyāyī. aIn Sanskrit: introductory matter, commentary and notes in Hindi. aIncludes bibliographical references. 0aSanskrit languagexGrammar.0 aVaradarāja,dactive 17th century.tLaghusiddhāntakaumudī.0 aBhaṭṭojī Dīkṣita.tSiddhāntakaumudī.0 aPāṇini.tAṣṭādhyāyī. c82222d82222